Bitkár Marcin

Bibliographic Details
Main Author: Gráf, Štefan, 1905-1989 (Author)
Format: Article
Language:Slovak
Subjects:

MARC

LEADER 00000nab a2200000uu 4500
001 vtls011521222
003 SK-MaSNL
005 20260303181415.0
008 230704|1943 xo |||||||||||||||||slo|
015 |a SNBRB 
035 |a (urnnbn)urn:nbn:sk:snk:ar-0022js 
035 |a (uuid)7f189d4e-92b2-440e-9f76-4259df19facf 
035 |a urn:nbn:sk:snk-abe9ie 
040 |a SNKBUCL  |b slo  |c SNKBUCL  |e AACR2 
041 0 |a slo 
044 |a xo  |c SK 
100 1 |a Gráf, Štefan,  |d 1905-1989  |4 aut  |9 100390 
245 1 0 |a Bitkár Marcin  |c Štefan Gráf 
655 7 |a slovenské poviedky  |2 SNKPH  |9 70226 
773 0 |t Slovenské pohľady  |g Roč. 59, č. 1 (1943), s. 40-49 
850 |a Slovenská národná knižnica 
852 |a Slovenská národná knižnica 
954 |a beletria pôvodná (slovenská)  |2 lita 
958 |a OND 
958 |a EUIPO 
958 |a article21 
999 |c 2111813  |d 2113743